[Event "Moscow op-E"]
[Site "Moscow"]
[Date "2011.02.03"]
[Round "6.216"]
[White "Gadzhiev, Farid"]
[Black "Nesterov, Sergei"]
[Result "0-1"]
[WhiteElo "1783"]
[BlackElo "1997"]
[PlyCount "54"]
[EventDate "2011.01.29"]
[EventType "swiss"]
[EventRounds "9"]
[EventCountry "RUS"]
[SourceTitle "EXT 2022"]
[Source "ChessBase"]
[SourceDate "2021.10.06"]
[SourceVersion "1"]
[SourceVersionDate "2021.10.06"]
[SourceQuality "1"]

1. e4 Nf6 2. e5 Nd5 3. d4 d6 4. Nf3 Bg4 5. Be2 c6 6. h3 Bxf3 7. Bxf3 dxe5 8. dxe5 e6 9. 0-0 Nd7 10. Bxd5 cxd5 11. Re1 Qh4 12. Qf3 Bc5 13. Bf4 0-0 14. Bg3 Qg5 15. h4 Qg6 16. c3 f6 17. h5 Qg5 18. Bf4 Qf5 19. g4 Qc2 20. exf6 Rxf6 21. g5 Rxf4 22. Qxf4 Rf8 23. Qd2 Bxf2+ 24. Kg2 Qf5 25. Re3 Qg4+ 26. Kh2 Qg1+ 27. Kh3 Bxe3 0-1

[Event "RUS-Cup2"]
[Site "Moscow"]
[Date "1996.??.??"]
[Round "1"]
[White "Fedorov, Vladislav"]
[Black "Nesterov, Sergei"]
[Result "1-0"]
[WhiteElo "2435"]
[BlackElo "2095"]
[PlyCount "72"]
[EventDate "1996.11.28"]
[EventType "swiss"]
[EventRounds "9"]
[EventCountry "RUS"]
[SourceTitle "CBM 056 Extra"]
[Source "ChessBase"]
[SourceDate "1997.03.01"]
[SourceVersion "1"]
[SourceVersionDate "1997.03.01"]
[SourceQuality "1"]

1. e4 c5 2. Nf3 e6 3. Nc3 Nc6 4. Bb5 Qc7 5. 0-0 Nge7 6. d4 cxd4 7. Nxd4 Nxd4 8. Qxd4 a6 9. Bd3 Nc6 10. Qe3 b5 11. Kh1 Bb7 12. f4 Nb4 13. a3 Bc5 14. Qg3 Nxd3 15. cxd3 0-0 16. Be3 Bxe3 17. Qxe3 d5 18. e5 d4 19. Qxd4 Rad8 20. Qe3 Rd7 21. f5 Qc6 22. Rf2 exf5 23. d4 Qe6 24. Ne2 Qd5 25. Qg5 g6 26. h4 f6 27. exf6 Qf7 28. Rxf5 Kh8 29. Rf2 Rd5 30. Qg3 Rfd8 31. Raf1 h6 32. Nf4 Rxd4 33. Nxg6+ Kh7 34. Ne5 Rg8 35. Nxf7 Rxg3 36. Kh2 Rg8 1-0

[Event "RUS-Cup2"]
[Site "Moscow"]
[Date "1996.??.??"]
[Round "8"]
[White "Nesterov, Sergei"]
[Black "Kulikov, Aleksandr"]
[Result "0-1"]
[WhiteElo "2095"]
[BlackElo "2295"]
[PlyCount "54"]
[EventDate "1996.11.28"]
[EventType "swiss"]
[EventRounds "9"]
[EventCountry "RUS"]
[SourceTitle "CBM 056 Extra"]
[Source "ChessBase"]
[SourceDate "1997.03.01"]
[SourceVersion "1"]
[SourceVersionDate "1997.03.01"]
[SourceQuality "1"]

1. e4 c6 2. d4 d5 3. e5 Bf5 4. Nf3 e6 5. Be2 Be7 6. 0-0 Qb6 7. Nbd2 Nd7 8. c4 f6 9. Nb3 Bg4 10. cxd5 cxd5 11. exf6 Ngxf6 12. Ng5 Bf5 13. Bd2 0-0 14. Rc1 Qd6 15. g3 Rac8 16. Bf4 Qb6 17. Qd2 Bb4 18. Qe3 h6 19. Nf3 Ng4 20. Rxc8 Nxe3 21. Rxf8+ Bxf8 22. fxe3 g5 23. Be5 g4 24. Nh4 Nxe5 25. Nxf5 exf5 26. dxe5 Qxe3+ 27. Rf2 a5 0-1

[Event "RUS-Cup2"]
[Site "Moscow"]
[Date "1996.??.??"]
[Round "2"]
[White "Nesterov, Sergei"]
[Black "Odeev, Handszar"]
[Result "0-1"]
[WhiteElo "2095"]
[BlackElo "2410"]
[PlyCount "124"]
[EventDate "1996.11.28"]
[EventType "swiss"]
[EventRounds "9"]
[EventCountry "RUS"]
[SourceTitle "CBM 056 Extra"]
[Source "ChessBase"]
[SourceDate "1997.03.01"]
[SourceVersion "1"]
[SourceVersionDate "1997.03.01"]
[SourceQuality "1"]

1. Nf3 Nf6 2. c4 g6 3. Nc3 Bg7 4. e4 e5 5. d4 exd4 6. Nxd4 0-0 7. Be2 Re8 8. f3 Nc6 9. Be3 d6 10. Qd2 Bd7 11. Nxc6 Bxc6 12. 0-0 a5 13. Rfd1 Nd7 14. Bd4 Bxd4+ 15. Qxd4 Qg5 16. Qf2 Qc5 17. Rd2 Qxf2+ 18. Kxf2 a4 19. Rc1 Nc5 20. Bd1 Kg7 21. b4 axb3 22. axb3 Na6 23. Nb5 Re7 24. Nd4 Nb4 25. Be2 Ra3 26. Bd1 h5 27. h3 h4 28. Rc3 Ra1 29. Be2 Re5 30. Nb5 Re7 31. Nd4 Rb1 32. Bd3 Ra1 33. Be2 Be8 34. Nc2 Ra2 35. Ke1 Nxc2+ 36. Rdxc2 Rxc2 37. Rxc2 f5 38. Bd3 Bc6 39. Re2 fxe4 40. fxe4 Kf6 41. Kd2 Re5 42. Rf2+ Ke6 43. Kc3 Bxe4 44. Be2 c5 45. Kd2 d5 46. Rf8 Bxg2 47. Bg4+ Ke7 48. Rh8 dxc4 49. bxc4 g5 50. Rh6 Re4 51. Kd3 Rd4+ 52. Kc3 Rf4 53. Rg6 Bxh3 54. Bxh3 Rf3+ 55. Kc2 Rxh3 56. Rxg5 Kd6 57. Rg7 Ke5 58. Rd7 b6 59. Rd5+ Ke4 60. Rd6 Rh1 61. Kc3 h3 62. Rxb6 h2 0-1